| 000 | 02930cam a22002174a 4500 | ||
|---|---|---|---|
| 005 | 20250605164331.0 | ||
| 008 | 250528s ||||||||||||||||||||||||d | ||
| 035 | _a23226 | ||
| 020 | _a9789604187706 | ||
| 040 |
_aGR-AtMCL _bgre _dGR-AtMCL _eAACR2 |
||
| 245 | 1 | _aΔιεθνείς Επιχειρήσεις και Επιχειρηματικότητα | |
| 250 | _a8η | ||
| 260 |
_bΤζιόλα, _c2020 |
||
| 300 | _a704 | ||
| 520 | _aΤο παρόν βιβλίο περιγράφει με τρόπο απλό, αναλυτικό και συνεκτικό το περιβάλλον στο οποίο η σύγχρονης διεθνής επιχείρηση δραστηριοποιείται, τις προκλήσεις που αντιμετωπίζει και τις επιχειρηματικές δραστηριότητες που αναλαμβάνει. Πρόλογος, Οι Αγορές του Κόσμου, Μια Επισκόπηση των Διεθνών Επιχειρήσεων, Παγκόσμιες Αγορές και Επιχειρηματικά Κέντρα, Νομικό και Τεχνολογικό και Λογιστικό και Πολιτικό Περιβάλλον, Ο Ρόλος του Πολιτισμού, Ηθική και Κοινωνική Ευθύνη στις Διεθνείς Επιχειρηματικές Δραστηριότητες, Το Διεθνές Περιβάλλον, Διεθνές Εμπόριο και Ξένες Επενδύσεις, Το Διεθνές Νομισματικό Σύστημα και το Ισδοζύγιο Πληρωμών, Αγορές Συναλλάγματος και Διεθνείς Χρηματοπιστωτικές Αγορές, Διαμόρφωση Εθνικών Εμπορικών Πολιτικών, Διακρατικές Συνεργασίες, Διοίκηση Διεθνών Επιχειρήσεων, Διεθνής Στρατηγική Διοίκηση, Αξιολόγηση και Ανάλυση Ξένων Αγορών και Τρόποι Εισόδου, Διεθνείς Στρατηγικές Συμμαχίες, Οργανωσιακός Σχεδιασμός και Έλεγχος στις Διεθνείς Επιχειρήσεις, Ηγεσία και Συμπεριφορά Εργαζομένων στις Διεθνείς Επιχειρήσεις, Διοίκηση Διεθνών Επικχειρησιακών Λειτουργιών, Διεθνές Μάρκετινγκ, Διοίκηση Διεθνών Επιχειρησιακών Λειτουργιών, Διεθνής Χρηματοοικονομική Διοίκηση, Διεθνής Διοίκηση Ανθρώπινων Πόρων και Εργασιακών Σχέσεων. | ||
| 700 | 1 |
_aΜανωλόπουλος Δημήτριος _98806 |
|
| 700 | 1 |
_aΣαπουνά Παναγιώτα-Αθανασία _98807 |
|
| 942 | _cBK | ||
| 999 |
_c8255 _d8255 |
||